| 000 | 00573nam a2200217Ia 4500 | ||
|---|---|---|---|
| 003 | LK-CoDNM | ||
| 005 | 20240227104313.0 | ||
| 008 | 010623t1986 xxu||||| |||| 00| 1 eng d | ||
| 040 |
_aLK-CoDNM _dLK-CoDNM _eLK-CoDNM |
||
| 041 | _aeng | ||
| 080 | _a104 U36 | ||
| 100 | _aPeris,Marlin | ||
| 245 | _aIn the footsteps of the fox | ||
| 260 | _c1986 | ||
| 300 |
_bDamaged _a10p.,25 cm |
||
| 650 | _aAll kinds of everything | ||
| 650 | _aFable | ||
| 650 | _aResearch paper | ||
| 650 | _aSilver jubilee commemoration volume of the University of kelaniya | ||
| 942 | _cBK | ||
| 999 |
_c113140 _d113140 |
||